IFRS 17 - odpočet běží

Implementácia štandardu IFRS 17 regulujúceho účtovanie poistných zmlúv od 1.1.2021. Väčšina poisťovacích skupín už pracuje na posudzovaní dopadu alebo na samotnej implementácii. Problémy s prechodom na nový štandard a príprava naň (dáta, systémy a procesy). Možnosti systémového riešenia IFRS 17. Roz...

Ausführliche Beschreibung

Gespeichert in:
Bibliographische Detailangaben
1. Verfasser: Svoboda, Karel
Weitere Verfasser: Sotona, Petr
Format: Buchkapitel
Sprache:Tschechisch
Schlagworte:
Tags: Tag hinzufügen
Keine Tags, Fügen Sie das erste Tag hinzu!

MARC

LEADER 00000naa a2200000 4500
001 0238725
005 20221104110438.6
041 0 |a cze 
044 |a CZ 
245 1 0 |a IFRS 17 - odpočet běží  |c Karel Svoboda, Petr Sotona 
520 |a Implementácia štandardu IFRS 17 regulujúceho účtovanie poistných zmlúv od 1.1.2021. Väčšina poisťovacích skupín už pracuje na posudzovaní dopadu alebo na samotnej implementácii. Problémy s prechodom na nový štandard a príprava naň (dáta, systémy a procesy). Možnosti systémového riešenia IFRS 17. Rozhodovací strom pri prechode na IFRS 17. 
610 2 0 |a IFRS 
610 2 0 |a štandardy účtovné medzinárodné 
610 2 0 |a poisťovníctvo 
610 2 0 |a účtovníctvo 
610 2 0 |a zmluvy poistné 
100 1 |a Svoboda, Karel 
700 1 |a Sotona, Petr